Cognition : exploring the science of the mind. / (Record no. 6574)
[ view plain ]
| 000 -LEADER | |
|---|---|
| fixed length control field | 01261nam a22001697a 4500 |
| 008 - FIXED-LENGTH DATA ELEMENTS--GENERAL INFORMATION | |
| fixed length control field | 180417b xxu||||| |||| 00| 0 eng d |
| 020 ## - INTERNATIONAL STANDARD BOOK NUMBER | |
| International Standard Book Number | 9780393930481 |
| 050 ## - LIBRARY OF CONGRESS CALL NUMBER | |
| Classification number | BF201.R45 |
| 100 ## - MAIN ENTRY--PERSONAL NAME | |
| Personal name | Reisberg, Daniel. |
| 245 ## - TITLE STATEMENT | |
| Title | Cognition : exploring the science of the mind. / |
| Statement of responsibility, etc. | Daniel Reisberg |
| 250 ## - EDITION STATEMENT | |
| Edition statement | 4th ed. |
| 260 ## - PUBLICATION, DISTRIBUTION, ETC. | |
| Place of publication, distribution, etc. | New York: |
| Name of publisher, distributor, etc. | W. W. Norton and Company; |
| Date of publication, distribution, etc. | 2010. |
| 300 ## - PHYSICAL DESCRIPTION | |
| Extent | xviii, 500p.: +various pagings. : |
| Dimensions | 25cm. |
| 500 ## - GENERAL NOTE | |
| General note | Includes bibliographical references and index. |
| 505 ## - FORMATTED CONTENTS NOTE | |
| Formatted contents note | Contents: Part 1: The foundations of cognitive psychology: 1: The science of the mind -- 2: The neural basis for cognition -- Part 2: Learning about the world around us: 3: Recognizing objects -- 4: Paying attention -- Part 3: Memory: 5:The acquisition of memories and the working memory system -- 6: Interconnections between acquisition and retrieval -- 7: Remembering complex events -- Part 4: Knowledge: 8: Associative theories of long-term memory -- 9: Concepts and generic knowledge -- 10: Language -- 11: Visual knowledge -- Part 5: Thinking: 12: Judgment: Drawing conclusions from evidence -- 13: Reasoning: Thinking through the implications of what you know -- 14: Solving problems -- 15: Conscious thought, unconscious thought. |
| 942 ## - ADDED ENTRY ELEMENTS (KOHA) | |
| Source of classification or shelving scheme | Library of Congress Classification |
| Koha item type | Books |
| Withdrawn status | Lost status | Source of classification or shelving scheme | Damaged status | Not for loan | Home library | Current library | Shelving location | Date acquired | Total Checkouts | Full call number | Barcode | Date last seen | Price effective from | Koha item type |
|---|---|---|---|---|---|---|---|---|---|---|---|---|---|---|
| Library of Congress Classification | WISCONSIN INTERNATIONAL UNIVERSITY COLLEGE, GHANA - MAIN LIBRARY | WISCONSIN INTERNATIONAL UNIVERSITY COLLEGE, GHANA - MAIN LIBRARY | Reference | 17/04/2018 | BF 201. R45 | 8142/105/16 | 17/04/2018 | 17/04/2018 | Books |
